Węzły na S6/A6 (Szczecin-Gdańsk) - Statystyki

Ogólne statystyki
  • Ten quiz został rozwiązany 118 razy
    101 od ostatniego zresetowania
  • Średni wynik to 19 z 46
Statystyki odpowiedzi
Droga Nazwa Węzła % Poprawnych
A6/S3 Szczecin Kijewo
89%
A6/S3 Klucz
81%
A6/S3 Szczecin Dąbie
78%
S6/S3 Goleniów Północ
72%
A6 Szczecin Zachód
69%
S6/S3 Goleniów Zachód
67%
S6/S11 Kołobrzeg Wschód
67%
S6/S3 Goleniów Południe
64%
S6 Koszalin Północ
64%
S6 Koszalin Wschód
64%
A6/S3 Szczecin Podjuchy
64%
S6/S3 Kliniska
61%
S6 Kołobrzeg Zachód
61%
S6/S3 Rzęśnica
61%
S6 Nowogard Północ
58%
S6 Nowogard Wschód
58%
S6 Płoty
58%
S6 Nowogard Zachód
56%
S6 Goleniów Lotnisko
53%
A6 Radziszewo
53%
S6 Sianów Wschód
50%
S6 Słupsk Wschód
44%
S6 Słupsk Zachód
44%
S6 Słupsk Południe
39%
S6/S11 Ustronie Morskie
36%
S6 Osina
33%
S6/S11 Borkowice
28%
S6 Bożepole Wielkie
28%
S6 Gdynia Wielki Kack
28%
S6/S11 Bielice
25%
S6/S11 Dobre
25%
S6 Gdańsk Południe
22%
S6 Kiełpino
19%
S6 Szemud
19%
S6 Chwaszczyno
17%
S6 Koleczkowo
17%
S6 Strzebielino
17%
S6 Wiciemice
17%
S6 Luzino
14%
S6 Redzikowo
14%
S6 Gdańsk Lotnisko
11%
S6 Gdańsk Osowa
11%
S6 Gdańsk Owczarnia
11%
S6 Gdańsk Karczemki
8%
S6 Gdańsk Szadółki
8%
S6 Kowale
6%
Nie znaleziono quizów pasujących do podanych kryteriów
Rozkład punktacji
Procent ludzi z każdym wynikiem
Percentyl według liczby udzielonych odpowiedzi
Twoja historia wyników
Nie rozwiązałeś tego quizu od ostatniego zresetowania